Tous les films et séries de l'univers Star Wars - Statistiques

Statistiques générales
  • Ce quiz a été pris 395 fois
  • Le résultat moyen est 13 sur 19
Statistiques - réponses
Saga Star Wars % Correct
Star Wars Episode V:L'Empire contre-attaque
93%
Star Wars Episode I: La Menace Fantôme
90%
Star Wars Episode III: La Revanche des Sith
89%
Star Wars épisode IV: Un Nouvel Espoir
87%
Star Wars Episode VI: Le Retour du Jedi
86%
Rogue One: A Star Wars Story
85%
Star Wars Episode II: L'Attaque des Clones
84%
Solo: A Star Wars Story
82%
Star Wars: The Clone Wars
80%
Star Wars Episode VII: Le Réveil de la Force
75%
The Mandalorian
73%
Star Wars Episode VIII: Les Derniers Jedi
66%
Star Wars Rebels
57%
Andor
56%
Ahsoka
53%
Obi-Wan Kenobi
46%
Le Livre de Boba Fett
34%
Star Wars: The Bad Batch
34%
Star Wars Episode IX: L'Ascension de Skywalker
9%
Aucun quiz correspondant
Distribution des résultats
% des personnes avec chaque résultat
Percentile par nombre de réponses
Votre historique - résultats
Vous n’avez pas pris ce quiz